| 000 | 00430nam a2200157 i 4500 | ||
|---|---|---|---|
| 001 | 41563 | ||
| 003 | ES-MaACL | ||
| 005 | 20230906160443.0 | ||
| 007 | t| | ||
| 008 | 030311s1910 ag ||||1| spa d | ||
| 100 | 1 |
_aCassagne Serres, A. _936340 |
|
| 245 | 1 | 0 |
_aComercio de nuestros frutos / _cA. Cassagne Serre. |
| 260 |
_aBuenos Aires : _bCabaut y Cía., _c1910. |
||
| 300 |
_aXII, 249 p. ; _c19 cm. |
||
| 852 |
_aES-MaACL _jD-1907 |
||
| 999 |
_c41563 _d41563 |
||